Statistiken für 1899 Hoffenheim - Torschützen 2010/11

Klicken Sie hier um das Quiz zu spielen!

Allgemein

  • Dieses Quiz wurde 41 mal gespielt
  • Das Durchschnittsergebnis liegt bei 6 aus 13

Antwortstatistiken

ToreSpieler% Korrekt
8Vedad Ibišević
95%
6Demba Ba
86%
5Sejad Salihović
70%
3Roberto Firmino
54%
1Sebastian Rudy
51%
2Luiz Gustavo
43%
2David Alaba
30%
1Ryan Babel
30%
9Gylfi Sigurðsson
27%
2Marvin Compper
27%
3Isaac Vorsah
24%
4Peniel Mlapa
22%
2Boris Vukčević
14%

Verteilung der Resultate

Perzentil nach korrekt beantworteten Fragen

Anzahl Personen mit jedem Resultat

Ihre Resultats-Entwicklung

Sie haben dieses Quiz noch nicht gespielt